The lost runes (Record no. 57399)

MARC details
000 -LEADER
fixed length control field 00467nam a2200181Ia 4500
008 - FIXED-LENGTH DATA ELEMENTS--GENERAL INFORMATION
fixed length control field 191130s1996##################000#0#eng##
020 ## - INTERNATIONAL STANDARD BOOK NUMBER
ISBN 9780006482000
082 ## - DEWEY DECIMAL CLASSIFICATION NUMBER
Classification number 823.914 WEL
100 ## - MAIN ENTRY--AUTHOR NAME
Personal name Welch, Jane
245 ## - TITLE STATEMENT
Title The lost runes
Statement of responsibility, etc Jane Welch
260 ## - PUBLICATION, DISTRIBUTION, ETC. (IMPRINT)
Place of publication London
Name of publisher HarperCollins Publishers
Year of publication 1996
300 ## - PHYSICAL DESCRIPTION
Number of Pages 607 p. ; 20 cm
650 ## - SUBJECT ADDED ENTRY--TOPICAL TERM
Topical Term Fiction
991 ## -
-- 398770
Holdings
Withdrawn status Lost status Damaged status Not for loan Home library Current library Date acquired Full call number Accession Number Price effective from Koha item type
        Anna Centenary Library Anna Centenary Library 09.10.2020 823.914 WEL 487118 09.10.2020 English Books

Find us on the map